000 01953cam a2200577 i 4500
001 28632
003 KOSZ 005
005 20240906140843.0
008 240607s1988 pl a g 000 0 pol
015 _aUWD 1989/1959
020 _a8303025015
035 _a991002565229705066
035 _a(PL-WaBN)b10703299-48omnis_nlop
035 _ab10703299
035 _a(OCoLC)834592116
035 _a(PL)b0000001070329
035 _a(EXLNZ-48OMNIS_NETWORK)9910120595205606
040 _aWA N
_cWA N
_dKOSZ 005/EG
_dKOSZ 005/RW
045 _bd1517
_bd1768
046 _k1988
080 _a94(438).03/.06
100 1 _aUrban, Wacław
_d(1930-2009)
_eAutor
245 1 0 _aEpizod reformacyjny /
_cWacław Urban.
250 _aWydanie I.
260 _aKraków :
_bKrajowa Agencja Wydawnicza,
_c1988.
300 _a80 stron :
_bfaksy, fotografie, mapa, portrety (w tym kolorowe) ;
_c27 cm.
336 _aTekst
_btxt
_2rdacontent
337 _aBez urządzenia pośredniczącego
_bn
_2rdamedia
338 _aWolumin
_bnc
_2rdacarrier
380 _aKsiążki
380 _aPublikacje popularnonaukowe
388 1 _a1901-2000
388 1 _a1945-1989
490 1 _aDzieje narodu i państwa polskiego ;
_vII-30
500 _aOpis wg okładki. Koniec treści na stronie 3 okładki.
504 _aWskazówki bibliograficzne na stronie 80.
648 7 _a1501-1600
648 7 _a1601-1700
648 7 _a1701-1800
650 7 _aReformacja
_2DBN
650 7 _aRuchy religijne
_2DBN
651 7 _aPolska
655 7 _aWydawnictwa popularne
658 _aHistoria
658 _aReligia i duchowość
710 2 _aKrajowa Agencja Wydawnicza
_4pbl
830 0 _aDzieje Narodu i Państwa Polskiego
_vII-30
856 _uhttp://koha.tu.koszalin.pl/cgi-bin/koha/opac-detail.pl?biblionumber=28632
_yKatalog online BPK
942 _2UKD
_cKS
999 _c28632
_d28632